Statistics for The Lion King - Who Says What?

Click here to take the quiz!

General Stats

  • This quiz has been taken 1,476 times
  • The average score is 6 of 10

Answer Stats

QuoteCharacter% Correct
"You must take your place in the circle of life."Mufasa
96%
"We're fresh outta zebra."Timon
70%
"Because it's your responsibility!"Nala
68%
"You deliberately disobeyed me!"Mufasa
67%
"Why don't you pick on somebody your own side?"Simba
65%
"He'd make a very handsome throw rug."Zazu
64%
"That's Mr. Banana Beak to you, fuzzy!"Zazu
64%
"I'd say brownish-gold."Pumbaa
57%
What, you want me to come out looking like you, cactus butt?Shenzi
46%
"That lousy Mufasa! I won't be able to sit for a week!"Banzai
39%

Score Distribution

Percentile by Number Answered

Percent of People with Each Score

Your Score History

You have not taken this quiz